000 01475nam a2200373 a 4500
999 _c3961
_d3961
003 AKMAL
005 20170524130130.0
008 170524s1989 my e 000 1 may d
020 _a9679987167 (kkt.) :
_cRM 34.90
040 _aAKMAL
082 0 4 _a899.233 ABD
_222
090 2 0 _a899.233
_bABD
100 0 _aAbd. Talib Mohd. Hassan,
_d1947-
_97781
245 1 0 _aWarisan /
_cAbd. Talib Hassan
260 _aKuala Lumpur :
_bCreative Enterprise,
_c1989
300 _a723ms. ;
_c18 cm.
500 _a"Hadiah Kedua Sayembara Mengarang Novel GAPENA-YAYASAN SABAH 1"
650 1 0 _aMalay fiction
_92141
942 _2ddc
_cBOOK